000 01087cam a2200301 a 4500
001 4751288
003 ARRUPE
005 20150910103511.0
008 850726s1986 ne ac b 001 0 eng
010 _a 85018332
020 _a9027719020 :
_c$59.50 (U.S.)
040 _aDLC
_cDLC
_dDLC
050 0 0 _aSPCH3. C679 1985
082 0 0 _a601
_219
245 0 0 _aCognition and fact :
_bmaterials on Ludwik Fleck /
_cedited by Robert S. Cohen and Thomas Schnelle.
260 _aDordrecht ;
_bD. Reidel Pub. Co. ;
_c1985.
300 _axxxiii, 468 p. :
_c23 cm.
440 0 _aBoston studies in the philosophy of science ;
_vv. 87
_919629
500 _aHeelan, Patrick A. - Fleck's contribution to epistemology p.287-308
600 1 0 _aFleck, Ludwik,
_d1896-1961.
_915266
650 0 _aScience
_xPhilosophy.
_919630
650 0 _aKnowledge, Sociology of.
_99945
700 1 _aCohen, R. S.
_q(Robert Sonné)
_914125
_eed.
700 1 _aSchnelle, Thomas.
_919631
_eed.
700 1 _aFleck, Ludwik,
_d1896-1961.
_915266
906 _a7
_bcbc
_corignew
_d1
_eocip
_f19
_gy-gencatlg
942 _2lcc
_cSPC
999 _c123336
_d123336